| Поле | Инд. | ПП | Название | Значение |
|---|---|---|---|---|
| Тип записи | a | |||
| Библиографический уровень | b | |||
| 001 | Контрольный номер | RU/IS/BASE/140796848 | ||
| 005 | Дата корректировки | 20200522190650.6 | ||
| 084 | a | Индекс другой классификации/Индекс ББК | 88.503 | |
| 097 | 00 | a | 750 | |
| 100 | 10 | a | Автор | Богомаз С. А. |
| 245 | 00 | a | Заглавие | Ранжирование интертипных отношений |
| 650 | 04 | a | Основная рубрика | психология |
| a | Основная рубрика | социальная психология | ||
| 653 | 00 | a | Ключевые слова | взаимопомощь |
| a | Ключевые слова | интертипные отношения | ||
| a | Ключевые слова | информационные потоки | ||
| a | Ключевые слова | коммуникативность | ||
| a | Ключевые слова | конфликты | ||
| a | Ключевые слова | общение | ||
| a | Ключевые слова | оценка интертипных отношений | ||
| a | Ключевые слова | понимание | ||
| a | Ключевые слова | свойства интертипных отношений | ||
| a | Ключевые слова | соционика | ||
| a | Ключевые слова | типология интертипных отношений | ||
| a | Ключевые слова | управление | ||
| 773 | 00 | t | Заглавие источника | Соционика, психология и межличностные отношения: человек, коллектив, общество |
| d | Дата издания источника | 2000 | ||
| g | Прочая информация | № 4. - С. 41 - 44 : табл. | ||
| w | Контрольный № источника | RU/IS/BASE/142612643 | ||
| 901 | t | Тип документа | b |